000 00452nam a2200157Ia 4500
008 240729s9999 xx 000 0 und d
022 _a1947-5691
245 0 _aAnnals of GIS
260 _aUnited Kingdom
260 _bTaylor & Francis Group
650 _a Mathematical geography. Cartography
650 _aGeography. Anthropology. Recreation
856 _uhttps://doaj.org/toc/4e904f3c47604af08db1a9bbdaf214f4
942 _2ddc
942 _cDOAJEJ
999 _c69034
_d69034
945 _a1
_bMadushi Gamage
_c1
_dMadushi Gamage